| 000 | 00458nam a2200181Ia 4500 | ||
|---|---|---|---|
| 003 | OSt | ||
| 005 | 20230509141147.0 | ||
| 008 | 210423s2000 xx 000 0 und d | ||
| 040 | _cAL | ||
| 041 | _aeng | ||
| 082 |
_a616.89 _223 _bMANA |
||
| 100 |
_aMANGAL (S K). _936799 |
||
| 245 | _aAbnormal psychology. | ||
| 260 |
_aNew Delhi _bSterling Publishers Private Limited _c2000 |
||
| 365 |
_b70 _cINR |
||
| 906 | _aAbnormal ; psychology. | ||
| 942 |
_2ddc _cBK |
||
| 999 |
_c171520 _d171520 |
||